How to coach : (Record no. 172253)

MARC details
000 -LEADER
fixed length control field 00964nam a22002777a 4500
003 - CONTROL NUMBER IDENTIFIER
control field OSt
005 - DATE AND TIME OF LATEST TRANSACTION
control field 20250801115112.0
008 - FIXED-LENGTH DATA ELEMENTS--GENERAL INFORMATION
fixed length control field 250715b |||||||| |||| 00| 0 eng d
020 ## - INTERNATIONAL STANDARD BOOK NUMBER
International Standard Book Number 9781526484789 (Paperback)
Terms of availability USD 47.00
040 ## - CATALOGING SOURCE
Original cataloging agency NUST
Language of cataloging eng
Transcribing agency NUST
Modifying agency NUST
Description conventions rda
050 ## - LIBRARY OF CONGRESS CALL NUMBER
Classification number HF5549.C53 THO
100 ## - MAIN ENTRY--PERSONAL NAME
Personal name Thomson, Bob
Relator term Author
245 ## - TITLE STATEMENT
Title How to coach :
Remainder of title first steps and beyond /
Statement of responsibility, etc. Bob Thomson.
250 ## - EDITION STATEMENT
Edition statement Second edition.
260 ## - PUBLICATION, DISTRIBUTION, ETC.
Place of publication, distribution, etc. London :
Name of publisher, distributor, etc. SAGE Publications Ltd,
Date of publication, distribution, etc. ©2020.
300 ## - PHYSICAL DESCRIPTION
Extent xiv, 263 pages :
Other physical details Illustrations ;
Dimensions 23 cm.
336 ## - CONTENT TYPE
Source rdacontent
Content type term text
Content type code txt
337 ## - MEDIA TYPE
Source rdamedia
Media type term unmediated
Media type code n
338 ## - CARRIER TYPE
Source rdacarrier
Carrier type term volume
Carrier type code nc
504 ## - BIBLIOGRAPHY, ETC. NOTE
Bibliography, etc. note Includes bibliographical references and index.
650 ## - SUBJECT ADDED ENTRY--TOPICAL TERM
Form subdivision Coaching (Leadership).
650 ## - SUBJECT ADDED ENTRY--TOPICAL TERM
Form subdivision Coaching (Training).
650 ## - SUBJECT ADDED ENTRY--TOPICAL TERM
Form subdivision Personnel management.
650 ## - SUBJECT ADDED ENTRY--TOPICAL TERM
Form subdivision Leadership development.
942 ## - ADDED ENTRY ELEMENTS (KOHA)
Source of classification or shelving scheme Library of Congress Classification
Koha item type Ordinary Loan Books
Edition Second edition.
Classification part HF5549.C53 THO
Call number prefix HF
Call number suffix THO
Suppress in OPAC No
Holdings
Withdrawn status Lost status Source of classification or shelving scheme Damaged status Not for loan Collection Home library Current library Shelving location Date acquired Source of acquisition Cost, normal purchase price Total Checkouts Full call number Barcode Date last seen Accession number Cost, replacement price Price effective from Koha item type Public note
    LCC     NFIC MAIN MAIN GEN 07/15/2025 Book Aid International 47.00   HF5549.C53 THO 92004055079 07/15/2025 61455 47.00 07/15/2025 BOOKS Donation